Come la galleta... compra los zapatos: (Registro nro. 6752)
[ vista simple ]
| 000 -LEADER | |
|---|---|
| fixed length control field | 01517nam a2200265 4500 |
| 003 - CONTROL NUMBER IDENTIFIER | |
| control field | OSt |
| 005 - DATE AND TIME OF LATEST TRANSACTION | |
| control field | 20200708151815.0 |
| 008 - FIXED-LENGTH DATA ELEMENTS--GENERAL INFORMATION | |
| fixed length control field | 200708s2010 nyua|||gr|||| 00| 0dspa d |
| 020 ## - INTERNATIONAL STANDARD BOOK NUMBER | |
| International Standard Book Number | 9780446567398 |
| 040 ## - CATALOGING SOURCE | |
| Original cataloging agency | CO-JMCR |
| Transcribing agency | CO-JMCR |
| 041 1# - LANGUAGE CODE | |
| Language code of text/sound track or separate title | spa |
| Language code of original | eng |
| 082 04 - DEWEY DECIMAL CLASSIFICATION NUMBER | |
| Edition number | 23 |
| Classification number | 241.4 |
| Item number | M612c |
| 100 1# - MAIN ENTRY--PERSONAL NAME | |
| Personal name | Meyer, joyce, |
| Relator term | autora |
| 9 (RLIN) | 6880 |
| 245 1# - TITLE STATEMENT | |
| Title | Come la galleta... compra los zapatos: |
| Remainder of title | date permiso a ti misma y relájate / |
| Statement of responsibility, etc. | Joyce Meyer |
| 250 ## - EDITION STATEMENT | |
| Edition statement | Primera edición |
| 260 ## - PUBLICATION, DISTRIBUTION, ETC. | |
| Place of publication, distribution, etc. | New york : |
| Name of publisher, distributor, etc. | Faith Words, |
| Date of publication, distribution, etc. | 2010. |
| 300 ## - PHYSICAL DESCRIPTION | |
| Extent | 229 páginas : |
| Other physical details | ilustraciones a blanco y negro ; |
| Dimensions | 20 cm. |
| 500 ## - GENERAL NOTE | |
| General note | Datos biograficos del autor en página [231]. |
| 505 ## - FORMATTED CONTENTS NOTE | |
| Formatted contents note | La galleta -- Feliz cumpleaños -- Tu mereces un poco de derroche -- A Dios le gustan las fiestas -- Celebra tu progreso -- Celebra mediante el dar -- Tiempo de recordar -- Recuerda quien eres y lo que tienes -- Celébrate a ti misma -- Aprende cuan do detenerte -- Dale unas vacaciones a tu alma -- Prioridades -- Mi todo en todo -- Dale a Dios tu todo -- Celebra la disciplina -- Disciplinate a ti misma para celebrar |
| 520 0# - SUMMARY, ETC. | |
| Summary, etc. | Nos enseña que no fuimos formados para la culpabilidad. Dios no quiere que estemos cargados de culpa. De hecho, ¡Dios es eñ mejor organizador de fiestas! Utiliza historias de la biblia. |
| 650 14 - SUBJECT ADDED ENTRY--TOPICAL TERM | |
| Source of heading or term | Autocontrol |
| General subdivision | Aspectos religiosos |
| -- | Cristianismo |
| 9 (RLIN) | 6881 |
| 650 24 - SUBJECT ADDED ENTRY--TOPICAL TERM | |
| Source of heading or term | Simplicidad |
| General subdivision | Aspectos religiosos |
| -- | Cristianismo |
| 9 (RLIN) | 6881 |
| 650 24 - SUBJECT ADDED ENTRY--TOPICAL TERM | |
| Source of heading or term | Libertad |
| General subdivision | Aspectos religiosos |
| -- | Cristianismo |
| 9 (RLIN) | 6881 |
| 942 ## - ADDED ENTRY ELEMENTS (KOHA) | |
| Source of classification or shelving scheme | Dewey Decimal Classification |
| Koha item type | Books |
| Withdrawn status | Lost status | Source of classification or shelving scheme | Damaged status | Not for loan | Home library | Current library | Shelving location | Date acquired | Source of acquisition | Total Checkouts | Total Renewals | Full call number | Barcode | Date last seen | Date last checked out | Copy number | Price effective from | Koha item type | Public note |
|---|---|---|---|---|---|---|---|---|---|---|---|---|---|---|---|---|---|---|---|
| Dewey Decimal Classification | Biblioteca Pública José María del Castillo y Rada | Biblioteca Pública José María del Castillo y Rada | General Stacks | 04/15/2018 | Donación | 5 | 5 | 241.4 / M612c | 201809940 | 12/10/2025 | 10/20/2025 | Ej.1 | 07/08/2020 | Books | Exlibris: Sandra Tarazona en refilado. |